<?xml version="1.0" encoding="UTF-8"?>
<collection xmlns="http://www.loc.gov/MARC21/slim">
 <record>
  <leader>02187nam a2200433   4500</leader>
  <controlfield tag="001">DLU030023176</controlfield>
  <controlfield tag="005">##20020507080621.0</controlfield>
  <controlfield tag="008">##020328s2001    gw a     b    001 0 eng  </controlfield>
  <datafield tag="010" ind1="#" ind2="#">
   <subfield code="a">  2002279390</subfield>
  </datafield>
  <datafield tag="016" ind1="#" ind2="#">
   <subfield code="a">101128972</subfield>
   <subfield code="2">DNLM</subfield>
  </datafield>
  <datafield tag="020" ind1="#" ind2="#">
   <subfield code="a">3540413820 (alk. paper)</subfield>
  </datafield>
  <datafield tag="035" ind1="#" ind2="#">
   <subfield code="a">(OCoLC)ocm47701414</subfield>
  </datafield>
  <datafield tag="040" ind1="#" ind2="#">
   <subfield code="a">NLM</subfield>
   <subfield code="b">eng</subfield>
   <subfield code="c">NLM</subfield>
   <subfield code="d">OHX</subfield>
   <subfield code="d">AGL</subfield>
   <subfield code="d">DAY</subfield>
   <subfield code="d">PMC</subfield>
   <subfield code="d">DLC</subfield>
  </datafield>
  <datafield tag="042" ind1="#" ind2="#">
   <subfield code="a">lccopycat</subfield>
  </datafield>
  <datafield tag="050" ind1="#" ind2="#">
   <subfield code="a">QD+</subfield>
  </datafield>
  <datafield tag="060" ind1="#" ind2="#">
   <subfield code="a">W1</subfield>
   <subfield code="b">ST82K v.99 2001</subfield>
  </datafield>
  <datafield tag="060" ind1="#" ind2="#">
   <subfield code="a">QU 55</subfield>
   <subfield code="b">M7169 2001</subfield>
  </datafield>
  <datafield tag="070" ind1="#" ind2="#">
   <subfield code="a">QD461</subfield>
   <subfield code="b">.S7 no. 99</subfield>
  </datafield>
  <datafield tag="082" ind1="#" ind2="#">
   <subfield code="a">541.224</subfield>
   <subfield code="b">Mol</subfield>
  </datafield>
  <datafield tag="245" ind1="#" ind2="#">
   <subfield code="a">Molecular machines and motors /</subfield>
   <subfield code="c">volume editor, J.-P. Sauvage ; with contributions by V. Amendola ... [et al.].</subfield>
  </datafield>
  <datafield tag="260" ind1="#" ind2="#">
   <subfield code="a">Berlin ;</subfield>
   <subfield code="a">New York :</subfield>
   <subfield code="b">Springer,</subfield>
   <subfield code="c">c2001.</subfield>
  </datafield>
  <datafield tag="300" ind1="#" ind2="#">
   <subfield code="a">viii, 302 p. :</subfield>
   <subfield code="b">ill. ;</subfield>
   <subfield code="c">24 cm.</subfield>
  </datafield>
  <datafield tag="440" ind1="#" ind2="#">
   <subfield code="a">Structure and bonding,</subfield>
   <subfield code="x">0081-5993 ;</subfield>
   <subfield code="v">99</subfield>
  </datafield>
  <datafield tag="500" ind1="#" ind2="#">
   <subfield code="a">&quot;Author index volumes 1-99&quot;: p. [283]-302.</subfield>
  </datafield>
  <datafield tag="504" ind1="#" ind2="#">
   <subfield code="a">Includes bibliographical references.</subfield>
  </datafield>
  <datafield tag="505" ind1="#" ind2="#">
   <subfield code="a">Single molecular rotor at the nanoscale / C. Joachim, J.K. Gimzewski -- Rotary motion in single-molecule machines / T.R. Kelly, J.P. Sestelo -- Molecular machines and motors based on transition metal-containing catenanes and rotaxanes / L. Raehm, J.-P. Sauvage -- Molecular movements and translocations controlled by transition metals and signaled by light emission / V. Amendola ... [et al.] -- Molecular hysteresis by linkage isomerizations induced by electrochemical processes / M. Sano -- Switchable molecular devices : from rotaxanes to nanoparticles / J. Liu, M. Gomez-Kaifer, A.E. Kaifer --Molecular-level artificial machines based on photoinduced electron-transfer processes / R. Ballardini ... [et al.] -- Computing at the molecular level / A.R. Pease, J.F. Stoddart -- Molecular memory and processing devices in solution and on surfaces / A.N. Shipway, E. Katz, I. Willner.</subfield>
  </datafield>
  <datafield tag="650" ind1="#" ind2="#">
   <subfield code="a">Molecular dynamics.</subfield>
  </datafield>
  <datafield tag="650" ind1="#" ind2="#">
   <subfield code="a">Molecular rotation.</subfield>
  </datafield>
  <datafield tag="700" ind1="#" ind2="#">
   <subfield code="a">Amendola, V.</subfield>
   <subfield code="q">(Valeria)</subfield>
  </datafield>
  <datafield tag="700" ind1="#" ind2="#">
   <subfield code="a">Sauvage, Jean-Pierre.</subfield>
  </datafield>
  <datafield tag="992" ind1="#" ind2="#">
   <subfield code="a">254.80</subfield>
  </datafield>
  <datafield tag="994" ind1="#" ind2="#">
   <subfield code="a">DLU</subfield>
  </datafield>
  <datafield tag="900" ind1="#" ind2="#">
   <subfield code="a">True</subfield>
  </datafield>
  <datafield tag="911" ind1="#" ind2="#">
   <subfield code="a">Phan Ngọc Đông</subfield>
  </datafield>
  <datafield tag="925" ind1="#" ind2="#">
   <subfield code="a">G</subfield>
  </datafield>
  <datafield tag="926" ind1="#" ind2="#">
   <subfield code="a">A</subfield>
  </datafield>
  <datafield tag="927" ind1="#" ind2="#">
   <subfield code="a">SH</subfield>
  </datafield>
  <datafield tag="980" ind1="#" ind2="#">
   <subfield code="a">Thư viện Trường Đại học Đà Lạt</subfield>
  </datafield>
 </record>
</collection>
